Animals by Emoji - Statistics

General Stats
  • This quiz has been taken 776 times
  • The average score is 16 of 17
Answer Stats
Emoji Animal % Correct
๐Ÿถ Dog
99%
๐Ÿฑ Cat
98%
๐Ÿด Horse
98%
๐Ÿ˜ Elephant
97%
๐Ÿฏ Tiger
97%
๐ŸŸ Fish
96%
๐Ÿจ Koala
95%
๐Ÿญ Mouse
95%
๐Ÿ” Hen
94%
๐Ÿผ Panda
94%
๐Ÿง Penguin
94%
๐Ÿฐ Rabbit
94%
๐Ÿ‘ Sheep
94%
๐Ÿ Snake
94%
๐Ÿข Tortoise
94%
๐Ÿฆ Bird
92%
๐Ÿ Bee
91%
No matching quizzes found
Score Distribution
Percent of People with Each Score
Percentile by Number Answered
Your Score History
You have not taken this quiz